banner koha

Comparacao entre metodos para pesquisa de sujidades e verificacao das condicoes de higiene das massas alimenticias por microscopia (Registro n. 127213)

MARC details
000 -LÍDER
campo de controle de tamanho fixo 01016nas a2200265 4500
001 - NÚMERO DE CONTROLE
campo de controle BR9000131
003 - IDENTIFICADOR DO NÚMERO DE CONTROLE
campo de controle BR-BrBNA
005 - DATA E HORÁRIO DA ÚLTIMA TRANSAÇÃO
campo de controle 20231205091751.0
007 - CAMPO FIXO DE DESCRIÇÃO FÍSICA--INFORMAÇÃO GERAL
campo de controle de tamanho fixo ta
008 - CAMPO DE DADOS FIXOS--INFORMAÇÃO GERAL
campo de controle de tamanho fixo 230509b bl.|||p| |||| 00| 00por d
040 ## - FONTE DA CATALOGAÇÃO
Instituição da catalogação original BR-BrBNA
Idioma da catalogação por
Instituição que transcreveu o registro Biblioteca Nacional de Agricultura
041 ## - CÓDIGO DE IDIOMA
Código do idioma do texto/trilha sonora ou título diferente (Pt)
072 ## - CÓDIGO DE CATEGORIA DE ASSUNTO
Código de Categoria de Assunto Q03
100 1# - ENTRADA PRINCIPAL--NOME PESSOAL
Nome pessoal Zamboni, C. de Q.
100 1# - ENTRADA PRINCIPAL--NOME PESSOAL
Nome pessoal Atui, M.B.
111 1# - ENTRADA PRINCIPAL--NOME DO EVENTO
Nome do evento ou lugar 1. Congresso Brasileiro de Produtos Farmaceuticos, Cosmeticos e Afins e 6. Congresso Paulista de Farmaceuticos
Local do evento Sao Paulo, SP (Brazil)
Data do evento ou assinatura do tratado 1987
245 1# - TÍTULO
Título Comparacao entre metodos para pesquisa de sujidades e verificacao das condicoes de higiene das massas alimenticias por microscopia
246 1# - FORMA VARIANTE DO TÍTULO
Título/título abreviado Comparison of methods for filth in alimentary pastes
650 ## - ASSUNTO--TERMO TÓPICO
Cabeçalho tópico ou nome geográfico MACARRAO
650 ## - ASSUNTO--TERMO TÓPICO
Cabeçalho tópico ou nome geográfico HIGIENE DE ALIMENTO
650 ## - ASSUNTO--TERMO TÓPICO
Cabeçalho tópico ou nome geográfico MICROSCOPIA
773 0# - ENTRADA ANALÍTICA
Título Revista do Instituto Adolfo Lutz (Brazil)
ISSN - International Standard Serial Number ISSN 0073-9855
Partes relacionadas (Jun 1989), v. 49(1) p. 11-17
Número de controle do registro BR9000131
909 ## -
-- 202311
-- Lúcia
-- 55
-- Lúcia Elande
942 ## - ELEMENTOS DE ENTRADA ADICIONADOS (KOHA)
Fonte da classificação ou esquema de arquivamento na estante Classificação AGRIS
Ocultar no OPAC Não
Tipo de material Koha Analítica
Exemplares
Situação do descarte Fonte da classificação ou esquema de arquivamento na estante Situação física Não pode ser emprestado Biblioteca de origem Biblioteca atual Localização na estante Enumeração do periódico / cronologia Total de empréstimos Data de último acesso Número do exemplar Tipo de material Koha Fonte de aquisição
  Classificação AGRIS   Consulta local Biblioteca Nacional de Agricultura - Binagri Biblioteca Nacional de Agricultura - Binagri   (Jun 1989), v. 49(1) p. 11-17   29/11/2023 01 Periódicos Portaria Interministerial nº 164/94

BINAGRI

Telefone: (61)3218-2567/2388/3357/2097 - binagri@agro.gov.br

Ministério da Agricultura e Pecuária , Esplanada dos Ministérios, Bloco D, Anexo B, Brasília/DF, CEP: 70.043-900